000 00956nam a2200229Ia 4500
001 L808-33238
003 IT-CnALBA
008 170116s9999||||xx |||||||||||||| ||und||
040 _aIT-CnALBA
_cIT-CnALBA
041 _aITALIANO
100 _aLORENZONI CESARINA
245 0 _aBANDIERE SUI MONTI.
250 _a1a ed.
260 _aROMA
_bSALES EDITRICE UN. DON. AZ. CATT. ROMA
_cn.d.
300 _a148 p.
500 _aILLUSTRAZIONI DI SAMMARTINI M. PATROTTISMO DELLA I GUERRA MONDIALE. SACRIFICI. AMBIENTE VENETO TEATRO DELLE BATTAGLIE DELLE VITTORIE E SCONFITTE.
501 _aSocietà San Paolo EM - Piazza San Paolo, 14 - 12051 ALBA (CN) (non commercial uses only) ® Copyright 2017
520 _aILLUSTRAZIONI DI SAMMARTINI M. PATROTTISMO DELLA I GUERRA MONDIALE. SACRIFICI. AMBIENTE VENETO TEATRO DELLE BATTAGLIE DELLE VITTORIE E SCONFITTE.
650 _aNARRATIVA DI VARIE LETTERATURE - ROMANZI
942 _cBK
957 _71
999 _a38007
_bNO
_g Copie: 1
_c292071
_d292071